Archives marocaines : publication de la Mission scientifique du Maroc.

محفوظ في:

مؤلفون مشاركون: Morocco. Direction des affaires indigènes et du service des renseignements. Section sociologique., Morocco. Direction générale des affaires indigènes. Section Sociologique., Morocco. Direction des affaires indigénes. Section Sociologique., Morocco. Direction des affaires politiques. Section des études islamiques.

التنسيق: كتاب

اللغة: French

منشور في: Paris : Ernest Leroux, 1926.

الموضوعات:

الوسوم: إضافة وسم

لا توجد وسوم, كن أول من يضع وسما على هذه التسجيلة!

رقم الطلب: DT301 .A7 v.26

LEADER 01138nam a22002657a 4500
003 OSt
005 20260420172956.0
008 260420t1926 fr abf 000 0 fre d
010 |a 77010580 
040 |c ARCE Library 
043 |a f-mr--- 
050 1 4 |a DT301  |b .A7 v.26 
245 0 0 |a Archives marocaines :  |b publication de la Mission scientifique du Maroc. 
264 1 |a Paris :  |b Ernest Leroux,  |c 1926. 
300 |a 254 p. :   |b illustrations, plates, maps, tables ;  |c 26 cm. 
362 0 |a Title 1, number. 1 (mars 1904)- 
500 |a Imprint varies: Paris, Librarie Orientaliste Paul Geuthner, 1923-1925; Paris, Librairie Ancienne Honoré Champion, 1926-1936. 
651 0 |a Morocco  |v Periodicals. 
710 1 |a Morocco.  |b Direction des affaires indigènes et du service des renseignements.  |b Section sociologique. 
710 1 |a Morocco.  |b Direction générale des affaires indigènes.  |b Section Sociologique. 
710 1 |a Morocco.  |b Direction des affaires indigénes.  |b Section Sociologique. 
710 1 |a Morocco.  |b Direction des affaires politiques.  |b Section des études islamiques. 
901 |a reviewed 
942 |c BK  |2 lcc 
999 |c 18707  |d 18707